Top 10 U.S States with the Highest Murder Rate - Statistics

General Stats
  • This quiz has been taken 89 times
  • The average score is 8 of 10
Answer Stats
Rate State % Correct
7.3 Alabama
90%
11.2 Mississippi
89%
11.7 Louisiana
88%
8.0 Arkansas
83%
7.3 Tennessee
81%
9.3 Missouri
79%
9.4 Alaska
76%
9.0 South Carolina
75%
8.6 New Mexico
74%
9.0 Maryland
65%
No matching quizzes found
Score Distribution
Percent of People with Each Score
Percentile by Number Answered
Your Score History
You have not taken this quiz